Young, yesterday. (Запис № 569525)

МАРК-запис
000 -LEADER
fixed length control field 01614cam a2200445 4500
001 - CONTROL NUMBER
control field youngyesterday00hick
003 - CONTROL NUMBER IDENTIFIER
control field CaSfIA
005 - DATE AND TIME OF LATEST TRANSACTION
control field 20210119124832.0
007 - PHYSICAL DESCRIPTION FIXED FIELD--GENERAL INFORMATION
fixed length control field cr||||
008 - FIXED-LENGTH DATA ELEMENTS--GENERAL INFORMATION
fixed length control field 690912s1969 enk 000 0aeng
010 ## - LIBRARY OF CONGRESS CONTROL NUMBER
LC control number 78407319
040 ## - CATALOGING SOURCE
Original cataloging agency DLC
Transcribing agency DLC
Modifying agency UKM
-- BTCTA
-- CaSfIA
015 ## - NATIONAL BIBLIOGRAPHY NUMBER
National bibliography number B69-10871
020 ## - INTERNATIONAL STANDARD BOOK NUMBER
International Standard Book Number 0900880015
020 ## - INTERNATIONAL STANDARD BOOK NUMBER
International Standard Book Number 9780900880018
035 ## - SYSTEM CONTROL NUMBER
System control number (OCoLC)33807
050 00 - LIBRARY OF CONGRESS CALL NUMBER
Classification number CT788.H53
Item number A3
082 14 - DEWEY DECIMAL CLASSIFICATION NUMBER
Classification number 914.2/03/820924
-- B
029 1# - (OCLC)
OCLC library identifier UKM
System control number b6910871
029 1# - (OCLC)
OCLC library identifier UNITY
System control number 008456186
029 1# - (OCLC)
OCLC library identifier OXFCL
System control number N000329586
029 1# - (OCLC)
OCLC library identifier UNITY
System control number 024497304
029 1# - (OCLC)
OCLC library identifier UKWBK
System control number 0900880015
029 1# - (OCLC)
OCLC library identifier GLOCC
System control number 0900880015
029 1# - (OCLC)
OCLC library identifier UNITY
System control number 080437869
029 1# - (OCLC)
OCLC library identifier UKHRW
System control number 090088004x
029 1# - (OCLC)
OCLC library identifier UKLCL
System control number 090088004x
029 1# - (OCLC)
OCLC library identifier UKCCC
System control number 090088004x
029 1# - (OCLC)
OCLC library identifier UKSCO
System control number 090088004x
100 1# - MAIN ENTRY--PERSONAL NAME
Personal name Hicks, Margery,
Dates associated with a name 1902-
245 10 - TITLE STATEMENT
Title Young, yesterday.
Medium [electronic resource]
260 ## - PUBLICATION, DISTRIBUTION, ETC. (IMPRINT)
Place of publication, distribution, etc Penzance (Cornwall),
Name of publisher, distributor, etc Wordens,
Date of publication, distribution, etc 1969.
300 ## - PHYSICAL DESCRIPTION
Extent 151 p.
Dimensions 23 cm.
506 ## - RESTRICTIONS ON ACCESS NOTE
Standardized terminology for access restriction Необхідна авторизація на https://archive.org/ (створення облікового запису безкоштовно)
506 ## - RESTRICTIONS ON ACCESS NOTE
Standardized terminology for access restriction Необхідна авторизація на https://openlibrary.org/ (створення облікового запису безкоштовно)
600 10 - SUBJECT ADDED ENTRY--PERSONAL NAME
Personal name Hicks, Margery,
Dates associated with a name 1902-
856 41 - ELECTRONIC LOCATION AND ACCESS
Uniform Resource Identifier <a href="http://www.archive.org/details/youngyesterday00hick">http://www.archive.org/details/youngyesterday00hick</a>
Public note Free eBook from the Internet Archive
856 42 - ELECTRONIC LOCATION AND ACCESS
Uniform Resource Identifier <a href="http://www.openlibrary.org/books/OL4359153M">http://www.openlibrary.org/books/OL4359153M</a>
Public note Additional information and access via Open Library
942 ## - ADDED ENTRY ELEMENTS (KOHA)
Koha item type ЕКнига

Немає доступних примірників.